00976nam a2200217 a 450000100100000000500170001000800410002702000150006804000250008308200150010810000440012324501450016726001110031230000250042349000340044850000740048250400310055683000410058795201130062899900170074100004163920201002035659.0131014s2002 sp 000 0 spa d a8400080440 aDO-SdBNPbspacBNPHU axxxbB562e1 aBetancor Gómez, María José96842810aEpidemias y pleito insular :bla fiebre amarilla en Las Palmas de Gran Canaria en el período isabelino /cMaría José Betancor Gómez. aMadrid :bEdiciones del Cabildo de Gran Canaria, Consejo Superior de Investigaciones Científicas,c2002. aix, 226 p. ;c21 cm.1 aEstudios sobre la cienciav29 aIncluye referencias bibliográficas y notas al pie de las páginas. aBibliografía: p. 215-226 0aEstudios sobre la ciencian29968429 001050718MOaGRbGRcCTd2013-10-14iLF1l0oxxx B562ep41639-10r2020-06-25w2020-06-25y1ZNo se presta c41129d41129